Normal view
MARC view
- Andraos,Amala
Entry Corporate Name
001 - CONTROL NUMBER
- control field: 120981
003 - CONTROL NUMBER IDENTIFIER
- control field: NUST
005 - DATE AND TIME OF LATEST TRANSACTION
- control field: 20240221102038.0
008 - FIXED-LENGTH DATA ELEMENTS
- fixed length control field: 240221|| aca||aabn | a|a d
040 ## - CATALOGING SOURCE
- Original cataloging agency: NUST
- Transcribing agency: NUST
110 ## - HEADING--CORPORATE NAME
- Corporate name or jurisdiction name as entry element: Andraos,Amala
670 ## - SOURCE DATA FOUND
- Source citation: Work cat.: (NUST): Abstract,Columbia GSAPP 2016, 2016.
